000 03206nam a2200277 i 4500
001 183353
003 ES-MaACL
005 20250822062559.0
008 140328s1982 ag |||| |dspa d
020 _a84-610-0500-7
080 _a159.9(081) Freud, Sigmund
100 1 _aFreud, Sigmund,
_d1856-1939
_952547
245 1 0 _aObras completas /
_cSigmund Freud ; ordenamiento, comentarios y notas de James Strachey ; con la colaboración de Anna Freud ; asistidos por Alix Strachey y Alan Tyson ; traducción directa del alemán de José Etcheverry.
260 _aBuenos Aires :
_bAmorrortu,
_c1982.
300 _a24 v. ;
_c23 cm.
505 8 _aContiene: 1: Publicaciones prepsicoanalíticas y manuscritos inéditos en vida de Freud (1886-1899) -- 2: Estudios sobre la histeria (1893-1895) -- 3: Primeras publicaciones psicoanalíticas (1893-1899) --. 4: La interpretación de los sueños (I) (1900) -- 5: La interpretación de los sueños (II) (1900-1901) -- 6: Psicopatología de la vida cotidiana (1901) -- 7: "Fragmento de análisis de un caso de histeria" (caso "Dora"), tres ensayos de teoría sexual, y otras obras (1901-1905) -- 8: El chiste y su relación con lo inconciente (1905) -- 9: El delirio y los sueños en la "Gradiva" de W. Jensen, y otras obras (1906-1908) --: "Análisis de la fobia de un niño de cinco años" (caso del pequeño Hans) y "A propósito de un caso de neurosis obsesiva" (caso del "Hombre de las Ratas") (1909) -- 11: Cinco conferencias sobre psicoanálisis, un recuerdo infantil de Leonardo da Vinci, y otras obras (1910) --. 12: "Sobre un caso de paranoia descrito autobiográficamente" (caso Schreber), trabajos sobre técnica psicoanalítica y otras obras (1911-1913) -- Vol. 13: Tótem y tabú, y otras obras (1913-1914) -- Vol. 14: "Contribución a la historia del movimiento psicoanalítico", trabajos sobre metapsicología, y otras obras (1914-1916) -- Vol. 15: Conferencias de introducción al psicoanálisis (Partes I y II) (1915-1916) -- Vol. 16: Conferencias de introducción al psicoanálisis (Parte III) (1916-1917)-- Vol. 17: "De la historia de una neurosis infantil" (Caso del "Hombre de los lobos"), y otras obras (1917-1919) -- Vol. 18: Más allá del principio de placer, psicología de las masas y análisis del yo, y otras obras (1920-1922) -- Vol. 19: El yo y el ello, y otras obras (1923-1925) -- Vol. 20: Presentación autobiográfica, inhibición, síntoma y angustia, ¿pueden los legos ejercer el análisis?, y otras obras (1925-1926) -- Vol. 21: El porvenir de una ilusión, el malestar en la cultura, y otras obras (1927-1931) -- Vol. 22: Nuevas conferencias de introducción al psicoanálisis, y otras obras (1932-1936) -- Vol. 23: Moisés y la religión monoteísta, esquema del psicoanálisis, y otras obras (1937-1939) -- Vol. 24: Índices y bibliografías
650 0 7 _aPsicología
_2embne
_916540
650 0 4 _aPsicoanálisis.
_916530
700 1 _aStrachey, James.
_9154643
700 0 _aFreud, Anna.
_952543
700 0 _aStrachey, Alix.
_9108354
700 1 _aTyson, Alan.
_9154644
700 0 _aEtcheverry, José Luis.
_948279
852 _aES-MaACL
_jG-3673-97
999 _c183353
_d183353